Elements of power system analysis (Record no. 3209)

000 -LEADER
fixed length control field 00596nam a2200217 a 4500
001 - CONTROL NUMBER
control field 3209
003 - CONTROL NUMBER IDENTIFIER
control field BD-DhUET
008 - FIXED-LENGTH DATA ELEMENTS--GENERAL INFORMATION
fixed length control field 810331s1982 nyua 001 0 eng
020 ## - INTERNATIONAL STANDARD BOOK NUMBER
International Standard Book Number 0070612781
020 ## - INTERNATIONAL STANDARD BOOK NUMBER
International Standard Book Number 007061279X
040 ## - CATALOGING SOURCE
Original cataloging agency DLC
Transcribing agency DLC
Modifying agency BD-DhUET
082 00 - DEWEY DECIMAL CLASSIFICATION NUMBER
Classification number 623.12
Item number STE/1982
100 1# - MAIN ENTRY--PERSONAL NAME
Personal name Stevenson, William D.
245 10 - TITLE STATEMENT
Title Elements of power system analysis
250 ## - EDITION STATEMENT
Edition statement 4th ed.
260 ## - PUBLICATION, DISTRIBUTION, ETC. (IMPRINT)
Place of publication, distribution, etc. New York
Name of publisher, distributor, etc. McGraw-Hill
Date of publication, distribution, etc. 1982
300 ## - PHYSICAL DESCRIPTION
Extent xii, 436 p.
Other physical details ill.
Dimensions 25 cm.
490 ## - SERIES STATEMENT
Series statement McGRAW-HILL series in electrical engineering
650 #0 - SUBJECT ADDED ENTRY--TOPICAL TERM
Topical term or geographic name as entry element Electric power system stability
942 ## - ADDED ENTRY ELEMENTS (KOHA)
Koha item type General Book
Holdings
Koha date last borrowed Koha renewals Price effective from Koha date last seen Koha issues (times borrowed) Withdrawn status Copy number Koha full call number Source of classification or shelving scheme Piece designation (barcode) Koha item type Koha normalized classification for sorting Not for loan Damaged status Shelving location Sublocation or collection (holding branch) Date acquired Lost status Location (home branch)
2021-09-27 2014-10-222021-09-2752 1623.12/STE/1982 110313General Book623_120000000000000_STE_1982  Circulation sectionCentral Library, BUET2014-10-22 Central Library, BUET
  2015-02-102015-02-10  2623.12/STE/1982 69178General Book623_120000000000000_STE_1982  Circulation sectionCentral Library, BUET2015-02-10 Central Library, BUET
2021-08-3122015-02-112021-08-3122 3623.12/STE/1982 78208 General Book623_120000000000000_STE_1982  Circulation sectionCentral Library, BUET2015-02-11 Central Library, BUET
  2015-06-242015-06-24  4623.12/STE/1982 67386Reading Item623_120000000000000_STE_1982  Reading sectionCentral Library, BUET2015-06-24 Central Library, BUET
  2015-06-242015-06-24  5623.12/STE/1982 67384Reading Item623_120000000000000_STE_1982  Reading sectionCentral Library, BUET2015-06-24 Central Library, BUET
  2015-06-242015-06-24  6623.12/STE/1982 67385Reading Item623_120000000000000_STE_1982  Reading sectionCentral Library, BUET2015-06-24 Central Library, BUET
  2015-06-242015-06-24  7623.12/STE/1982 63905Reading Item623_120000000000000_STE_1982  Reading sectionCentral Library, BUET2015-06-24 Central Library, BUET
  2015-06-252015-06-25  8623.12/STE/1982 63906Reading Item623_120000000000000_STE_1982  Reading sectionCentral Library, BUET2015-06-25 Central Library, BUET
  2015-06-252015-06-25  9623.12/STE/1982 63907Reading Item623_120000000000000_STE_1982  Reading sectionCentral Library, BUET2015-06-25 Central Library, BUET
  2015-06-282015-06-28  10623.12/STE/1982 63908Reading Item623_120000000000000_STE_1982  Reading sectionCentral Library, BUET2015-06-28 Central Library, BUET